Snow white (Record no. 21693)

000 -LEADER
fixed length control field 00440nam a22001457a 4500
003 - CONTROL NUMBER IDENTIFIER
control field OSt
005 - DATE AND TIME OF LATEST TRANSACTION
control field 20260122121033.0
008 - FIXED-LENGTH DATA ELEMENTS--GENERAL INFORMATION
fixed length control field 260121b xxua|||| |||| 00| 0 eng d
040 ## - CATALOGING SOURCE
Transcribing agency csu
245 ## - TITLE STATEMENT
Title Snow white
260 ## - PUBLICATION, DISTRIBUTION, ETC. (IMPRINT)
Place of publication, distribution, etc [place of publication not identified] :
Name of publisher, distributor, etc [name of publisher not identified],
Date of publication, distribution, etc [date of publication not identified].
300 ## - PHYSICAL DESCRIPTION
Extent 14 pages :
Other physical details color illustrations.
500 ## - GENERAL NOTE
General note English story book
942 ## - ADDED ENTRY ELEMENTS (KOHA)
Source of classification or shelving scheme
Koha item type Books
Holdings
Price effective from Permanent Location Date last seen Not for loan Date acquired Source of classification or shelving scheme Koha item type Lost status Withdrawn status Copy number Source of acquisition Collection code Damaged status Barcode Shelving location Current Location Full call number
 Cagayan State University - Carig Library2026-01-21 2026-01-21 Books  1Donation Children Section C000373Children SectionCagayan State University - Carig LibraryCS C000373 Sn618
 Cagayan State University - Carig Library2026-01-21 2026-01-21 Books  2DonationsChildren Section C000370Children SectionCagayan State University - Carig LibraryCS C370 Sn618
 Cagayan State University - Carig Library2026-01-21 2026-01-21 Books  3DonationsChildren Section C000380Children SectionCagayan State University - Carig LibraryCS C380 Sn618
 Cagayan State University - Carig Library2026-01-21 2026-01-21 Books  4DonationsChildren Section C000381Children SectionCagayan State University - Carig LibraryCS C381 Sn618
 Cagayan State University - Carig Library2026-01-22 2026-01-22 Books  5Donation Children Section C000400Children SectionCagayan State University - Carig LibraryCS C400 Sn618
2026-01-29Cagayan State University - Carig Library2026-01-29 2026-01-29 Books  5Donation   C000371 Cagayan State University - Carig LibraryCS C37 Sn6181

Cagayan State University University Library, Carig Campus
Tuguegarao City, Cagayan 3500 | www.csucarig.edu.ph

Powered by Koha